000 01607cam a2200517 a 4500
001 22263
003 VRT
005 20260324150734.0
008 240318s2014 xo g 000 f slo
015 _aSNBA2015/03
020 _a9788081141553
_q(brož.)
035 _a6E64AD6E-A3C3-41D3-AD47-2AF88F6AD4D2
035 _aurn:nbn:sk:snk-amjp0t
035 _aurn:nbn:sk:snk-am002fh8
039 9 _a202403181907
_bVLOAD
_c201604291515
_dVLOAD
_c201604271826
_dVLOAD
_c201508271529
_dVLOAD
040 _aPPPK
_bslo
_cPPPK
_dSNK
_eAACR2
041 0 _aslo
044 _axo
_cSK
072 7 _a821.162.4-3
_xSlovenská próza
_2konspekt
080 _a821.162.4-31
_22001
100 1 _aHlavatá, Dana,
_d1957-
_4aut
245 1 0 _aZabi tú mrchu
_cDana Hlavatá
250 _a1. vyd.
260 _aBratislava
_bMarenčin PT
_c2014
300 _a223 s.
_c17 cm
655 7 _aslovenské romány
_2SNKPH
655 7 _aSlovak fiction
_2SNKPHeng
910 _apppk
910 _attkjf
910 _apokpoh
910 _abjkdg
910 _asllk
910 _asvkbb
910 _ahevk
910 _atotk
910 _avthk
910 _asnk
942 _2ddc
_cKLDO
_n0
949 _6270001000478752
_asvkbbA 143315
_bsvkbbm 749821
949 _6270001000479360
_asvkbbA 143315-a
_bsvkbbm 750463
949 _62889207678
_asavukPV 20069
_bsavuk2015/108
949 _617A1139896
_asnkSD 84026
_bsnk2015/7414
_o84/15
_s6100:20140925
949 _617A1141542
_asnkSD 84026 D1
_bsnk2015/9172
_o84/15
949 _6273K0584358
_asvkpoA 224295
_bsvkpo581903
999 _c22263
_d22263